Top 30 : Adele - Statistiques

Statistiques générales
  • Ce quiz a été pris 79 fois
  • Le résultat moyen est 13 sur 30
Statistiques - réponses
Top Titres % Correct
5 Hello
94%
1 Someone Like You
86%
9 Skyfall
82%
3 Rolling in the Deep
80%
4 Set Fire to the Rain
68%
2 Easy On Me
63%
6 When We Were Young
63%
17 Hometown Glory
57%
12 All I Ask
51%
11 Chasing Pavements
51%
10 Love In The Dark
49%
8 Send My Love (To Your New Lover)
49%
15 Turning Tables
40%
20 I Drink Wine
38%
7 Make You Feel My Love
38%
16 Rumour Has It
37%
14 Oh My God
35%
13 Water Under the Bridge
35%
27 My Little Love
32%
18 Don't You Remember
29%
19 One And Only
29%
22 Million Years Ago
28%
24 Lovesong
26%
28 To Be Loved
26%
29 River Lea
25%
23 Can I Get It
23%
21 Remedy
22%
26 Daydreamer
20%
30 He Won't Go
20%
25 I Miss You
18%
Aucun quiz correspondant
Distribution des résultats
% des personnes avec chaque résultat
Percentile par nombre de réponses
Votre historique - résultats
Vous n’avez pas pris ce quiz